000 01033nam a2200289 i 4500
001 9267
003 ES-MaACL
005 20250920063027.0
007 t|
008 930602s1990 sp ||||1| spa d
020 _a84-86938-75-9
080 _a622(464.3)"17"
080 _a622.349.9(460.354 Almadén)
100 1 _aBetancourt, Agustín de,
_d1758-1824
_9152180
245 1 0 _aMemorias de las Reales Minas de Almadén, 1783 /
_cAgustín de Betancourt y Molina.
250 _aEd. facs.
260 _a[Madrid] :
_bComisión Interministerial de Ciencia y Tecnología,
_c[1990]
300 _a290 p., [4] h. pleg. :
_bil., planos ;
_c32 cm.
534 _pReprod. facs. del manuscrito de 1783, de la Biblioteca Nacional de Madrid.
650 _aMinas-
_zAlmadén.
_9136500
650 _aMinas de mercurio-
_zAlmadén.
_9167428
655 7 _2tgfbne
_9226495
_aFacsímiles
710 2 _aComisión Interministerial de Ciencia y Tecnología.
_93047
852 4 _aES-MaACL
_jL-16446
942 _2udc
999 _c9267
_d9267